| 000 | 01344cam a2200361 i 4500 | ||
|---|---|---|---|
| 001 | 42485 | ||
| 003 | Mx-PuUPA | ||
| 005 | 20250226134240.0 | ||
| 008 | 140415s1997 mx gr 000 0 spa d | ||
| 020 | _a9683657850 | ||
| 040 |
_cMx-PuUPA _aMx-PuUPA _bspa _dMx-PuUPA _erda |
||
| 041 | _aspa | ||
| 245 | 0 | 0 |
_aPragmatismo y globalismo : _buna aproximación a la política contemporánea / _cJosé Luis Orozco y Ana Luisa Guerrero, compiladores |
| 250 | _aPrimera edición | ||
| 264 | 1 |
_aMéxico, D. F. : _bDistribuciones Fontamara, _c1997 |
|
| 300 |
_a205 páginas ; _c21 cm |
||
| 336 |
_2rdacontent _atexto _btxt |
||
| 337 |
_2rdamedia _asin medio _bn |
||
| 338 |
_2rdacarrier _avolumen _bnc |
||
| 490 | 0 |
_aColección Fontamara ; _v196 |
|
| 650 | 7 |
_2armarc _aGlobalización |
|
| 651 | 4 |
_aMéxico _xPolítica económica _y1994- |
|
| 651 | 4 |
_aMéxico _xComercio |
|
| 651 | 4 |
_aEstados Unidos _xPolítica económica _y1993-2001 |
|
| 651 | 4 |
_aEstados Unidos _xEconomía internacional _zMéxico |
|
| 651 | 4 |
_aMéxico _xEconomía internacional _zEstados Unidos |
|
| 700 | 1 |
_aOrozco, José Luis, _d1940- _ecompilador |
|
| 700 | 1 |
_aGuerrero, Ana Luisa, _ecompilador |
|
| 942 |
_2ddc _cLI _h337.73072 _iP85 |
||
| 999 |
_c42485 _d42485 |
||